Munkaerőpiaci tükör 2016

Salvato in:
Dettagli Bibliografici
Natura: Libro
Lingua:ungherese
Pubblicazione: Budapest MTA Közgazdaság-és Regionális Tudományi Kutatóközpont Közgazdaság-Tudományi Intézet 2017
Soggetti:
Tags: Aggiungi Tag
Nessun Tag, puoi essere il primo ad aggiungerne!!

MARC

LEADER 00000nam$a2200000$$$4500
001 0240534
005 20230314072105.4
022 |a 1586-460X 
041 0 |a hun 
044 |a HU 
245 1 0 |a Munkaerőpiaci tükör 2016 
264 1 |a Budapest  |b MTA Közgazdaság-és Regionális Tudományi Kutatóközpont Közgazdaság-Tudományi Intézet  |c 2017 
300 |a 299 s. 
610 2 0 |a trh práce 
610 2 0 |a zamestnanosť 
610 2 0 |a pohyb síl pracovných 
610 2 0 |a Maďarsko 
610 2 0 |a Európa 
610 2 0 |a 2016